MARC details
| 000 -CABECERA |
| campo de control de longitud fija |
00861nam a2200253 a 4500 |
| 001 - NÚMERO DE CONTROL |
| campo de control |
000007815 |
| 005 - FECHA Y HORA DE LA ÚLTIMA TRANSACCIÓN |
| campo de control |
20200929154315.0 |
| 008 - DATOS DE LONGITUD FIJA--INFORMACIÓN GENERAL |
| campo de control de longitud fija |
090911s2009 dr a 001 0 spa d |
| 020 ## - NÚMERO INTERNACIONAL ESTÁNDAR DEL LIBRO |
| Número Internacional Estándar del Libro |
9789945860283 |
| 040 ## - FUENTE DE LA CATALOGACIÓN |
| Centro catalogador/agencia de origen |
DO-SdBNP |
| Lengua de catalogación |
spa |
| Centro/agencia transcriptor |
BNPHU |
| 082 ## - NÚMERO DE LA CLASIFICACIÓN DECIMAL DEWEY |
| Número de clasificación |
920.72 |
| Número de documento/Ítem |
R696N |
| 049 ## - FONDOS LOCALES (OCLC) |
| Fondos de biblioteca |
BNPD |
| 100 1# - ENTRADA PRINCIPAL--NOMBRE DE PERSONA |
| Nombre de persona |
Negro- Veras, Ramón Antonio, |
| Títulos y otros términos asociados al nombre |
1938- |
| 9 (RLIN) |
21520 |
| 245 10 - MENCIÓN DE TÍTULO |
| Título |
Carmen, cáncer y lucha / |
| Mención de responsabilidad, etc. |
Ramón Antonio Negro Veras. |
| 260 ## - PUBLICACIÓN, DISTRIBUCIÓN, ETC. |
| Lugar de publicación, distribución, etc. |
Santo Domingo : |
| Nombre del editor, distribuidor, etc. |
Cuesta-Veliz, |
| Fecha de publicación, distribución, etc. |
2009. |
| 300 ## - DESCRIPCIÓN FÍSICA |
| Extensión |
163 p. : |
| Otras características físicas |
il ; |
| Dimensiones |
22 cm. |
| 500 ## - NOTA GENERAL |
| Nota general |
Incluye datos biográficos del autor en la solapa |
| 500 ## - NOTA GENERAL |
| Nota general |
Incluye índice onomástico |
| 600 14 - PUNTO DE ACCESO ADICIONAL DE MATERIA--NOMBRE DE PERSONA |
| Nombre de persona |
RODRÍGUEZ RODRÍGUEZ, CARMEN TERESA, |
| Fechas asociadas al nombre |
1937-2005 |
| 9 (RLIN) |
21521 |
| 650 #4 - PUNTO DE ACCESO ADICIONAL DE MATERIA--TÉRMINO DE MATERIA |
| Término de materia o nombre geográfico como elemento de entrada |
Cáncer |
| 9 (RLIN) |
21522 |
| 650 #4 - PUNTO DE ACCESO ADICIONAL DE MATERIA--TÉRMINO DE MATERIA |
| Término de materia o nombre geográfico como elemento de entrada |
Cáncer |
| Subdivisión general |
Quimioterapia |
| 9 (RLIN) |
21523 |
| 650 #4 - PUNTO DE ACCESO ADICIONAL DE MATERIA--TÉRMINO DE MATERIA |
| Término de materia o nombre geográfico como elemento de entrada |
Cáncer |
| Subdivisión general |
Radioterapia |
| 9 (RLIN) |
21524 |
| 700 1# - PUNTO DE ACCESO ADICIONAL--NOMBRE DE PERSONA |
| Nombre de persona |
Rodríguez del Orbe, Abel, |
| Término indicativo de función/relación |
pról. |
| 9 (RLIN) |
21525 |